| 000 | 00490nam a2200169Ia 4500 | ||
|---|---|---|---|
| 999 |
_c12897 _d12897 |
||
| 003 | OSt | ||
| 005 | 20201104133421.0 | ||
| 008 | 190216s9999||||xx |||||||||||||| ||und|| | ||
| 040 | _coclc | ||
| 082 |
_a824 _bWHA/C |
||
| 100 |
_a Wharton, Edith _95982 |
||
| 245 | 0 |
_aCollection Of Critical Essays / _cEdith Wharton |
|
| 260 |
_bPrentice Hall Of India Pvt Ltd, _c1962. _aUSA: |
||
| 300 | _a181p | ||
| 650 | _aEnglish Essay | ||
| 942 |
_cBK _2ddc _h824 _iWHA/C _k824 _mWHA/C |
||